| 000 | 00547nam a2200193 a 4500 | ||
|---|---|---|---|
| 001 | 24095 | ||
| 003 | CO-ViMGA | ||
| 008 | 141112s2004 ck r 000 u spa d | ||
| 020 | _a9789707293489 | ||
| 040 |
_aCO-ViMGA _bspa _cCO-ViMGA |
||
| 082 | 0 | 4 | _a617.92 M126a |
| 100 | 1 |
_aMacouzet Olivar, Carlos _935097 |
|
| 245 | 1 | 0 |
_aAnestesia local en odontologia / _cCarlos Macouzet Olivar |
| 260 |
_aMéxico : _bmanual moderno |
||
| 300 | _a195p | ||
| 650 | 1 | 4 |
_a2 : ANESTESIA EN ODONTOLOGIA _935098 |
| 650 | 1 | 4 |
_aANESTESIA LOCAL _935099 |
| 942 |
_2ddc _cBK |
||
| 999 |
_c32150 _d32150 |
||